000 00868cab a2200205 4500
001 L130077
008 050620n2005 000 0 eng u
035 _a(Sirsi) u130077
041 _aeng
100 _aBarrett, Claer
245 _aAgency 2005
260 _c2005
490 _aProperty Week
_v70(23) 10 June 2005, 34-47(12)
520 _a"Property Week" has published its annual survey of the agency community, published along with global and European analyses. Looks at Jones Lang LaSalle's global strategy, Cushman and Wakefield's expansion into Russia and includes interviews with five of the most dynamic UKbased firms and profiles of firms taking different approaches to the market.
590 _aIKA040705
690 _aPROPERTY-COMMERCIAL PROPERTY-COMMERCIAL PROPERTY AGENCY
700 _aCruise, Sinead
700 _aMcAllister, Sean
942 _n0
999 _c75443
_d75443